00425nam a2200169Ia 4500003000400000005001700004008004100021020001500062040000700077041000800084082002500092100002400117245004400141260004100185300001600226365001300242OSt20230323111602.0210423s2004 xx 000 0 und d a5216297830 cAL aeng a809.93592 223bJORJ aJORDON (John O),Ed. aCambridge companion to Charles Dickens. aUKbCambridge University Pressc2004 axxi,235bPB b768cINR